00344pab a2200145 454500008004000000100002600040245003000066260000900096300001200105362000800117650002200125650001900147650001400166773001800180180718b1997 xxu||||| |||| 00| 0 eng d aMalik, Bibhuti Bhusan aTribal education in India c1997 ap.43-46 aFeb aEducation - India aTribes - India aEducation aThird Concept